Anuario Colegio Rubén Castro 2013
Zapisane w:
| Korporacja: | |
|---|---|
| Format: | Książka |
| Język: | hiszpański |
| Wydane: |
Viña del Mar
Colegio Rubén Castro
2013
|
| Wydanie: | 1a. ed |
| Hasła przedmiotowe: | |
| Etykiety: |
Dodaj etykietę
Nie ma etykietki, Dołącz pierwszą etykiete!
|
MARC
| LEADER | 00000cam a2200000 a 4500 | ||
|---|---|---|---|
| 001 | UCD9673 | ||
| 003 | CL-VaPUC | ||
| 008 | 170630e20130000cl |||||||||||||||||spa|d | ||
| 082 | 0 | 4 | |a 371.2 |b COL |2 21 |
| 110 | 2 | |a Colegio Rubén Castro |e author |9 593331 | |
| 245 | 1 | 0 | |a Anuario Colegio Rubén Castro 2013 |
| 250 | |a 1a. ed | ||
| 300 | |a 108 p | ||
| 942 | |c BK | ||
| 945 | |d 20170630 21:31:00 |a arojas | ||
| 260 | |a Viña del Mar |b Colegio Rubén Castro |c 2013 | ||
| 650 | 0 | |a Anuarios |9 258977 | |
| 650 | 0 | |a Educación básica |9 224933 | |
| 650 | 7 | |a COMUNIDAD ESCOLAR |2 CL-VaPUC |9 593332 | |
| 650 | 0 | |a Entrevistas |9 265537 | |
| 650 | 7 | |a REPORTAJES |2 CL-VaPUC |9 379680 | |
| 583 | |a last modification |c 20170630 21:31:00 |k Rodrigo Vera | ||
| 999 | |c 368741 |d 368739 | ||